| 000 | 00647nam a2200205 i 4500 | ||
|---|---|---|---|
| 001 | 145996 | ||
| 003 | ES-MaACL | ||
| 005 | 20250804062604.0 | ||
| 007 | t| | ||
| 008 | 071018s1980 sp ||||1| spa d | ||
| 020 | _a84-206-1751-2 | ||
| 100 | 1 |
_aVerdú, Vicente. _9114049 |
|
| 245 | 1 | 3 |
_aEl fútbol _b: mitos, ritos y símbolos / _cVicente Verdú. |
| 260 |
_aMadrid : _bAlianza, _c1980. |
||
| 300 |
_a208 p. : _bil. ; _c18 cm. |
||
| 490 | 1 |
_aEl libro de bolsillo ; _v751. _aSección Humanidades |
|
| 830 | 0 | 3 |
_aEl libro de bolsillo. _pHumanidades _v751. _9178672 |
| 852 |
_aES-MaACL _jG-269 _bR.114332 |
||
| 999 |
_c145996 _d145996 |
||